| 000 | 00508nam a22001817a 4500 | ||
|---|---|---|---|
| 999 |
_c525234 _d525234 |
||
| 003 | NUST | ||
| 020 | _a- | ||
| 038 | _aZafar Malik | ||
| 082 |
_a891.421 _bTAH |
||
| 100 |
_aTahir, Tonsavi Dr. _915979 |
||
| 245 |
_aKhushdil (Hayati Tay Kalam) \ _cDr. Tahir Tonsavi |
||
| 260 |
_aMultan : _bSaraiki Adbi Board ; _c2002. |
||
| 300 | _a78 p. ; | ||
| 500 | _aHardcover | ||
| 880 |
_6100-02\r _aڈاکٹر طاہر تونسوی |
||
| 880 |
_6245-02\r _a(خوشدل (حیاتی تے کلام |
||
| 942 |
_2ddc _cBK |
||